Państwa świata, powierzchnia, 25 państw - Statystyki

Ogólne statystyki
  • Ten quiz został rozwiązany 1 295 razy
  • Średni wynik to 19 z 25
Statystyki odpowiedzi
LP. powierzchnia kraj % Poprawnych
1 17 098 242 ROSJA
100%
3 9 596 960 CHINY
98%
4 9 526 468 STANY ZJEDNOCZONE
98%
5 8 515 767 BRAZYLIA
97%
2 9 984 670 KANADA
97%
6 7 682 300 AUSTRALIA
92%
7 3 287 263 INDIE
91%
8 3 287 263 ARGENTYNA
90%
13 1 964 375 MEKSYK
86%
9 2 724 900 KAZACHSTAN
83%
18 1 564 116 MONGOLIA
76%
10 2 381 741 ALGIERIA
75%
12 2 149 690 ARABIA SAUDYJSKA
74%
11 2 344 858 DEMOKRATYCZNA REPUBLIKA KONGA
70%
14 1 904 569 INDONEZJA
70%
17 1 648 195 IRAN
69%
24 1 219 090 REPUBLIKA POŁUDNIOWEJ AFRYKI
68%
21 1 267 000 NIGER
65%
15 1861 484 SUDAN
64%
19 1 285 216 PERU
59%
25 1 138 910 KOLUMBIA
58%
16 1 759 540 LIBIA
58%
20 1 284 000 CZAD
54%
23 1 240 192 MALI
46%
22 1 246 700 ANGOLA
41%
Nie znaleziono quizów pasujących do podanych kryteriów
Rozkład punktacji
Procent ludzi z każdym wynikiem
Percentyl według liczby udzielonych odpowiedzi
Twoja historia wyników
Nie rozwiązałeś tego quizu